| 000 | 00915nam a2200301Ia 4500 | ||
|---|---|---|---|
| 001 | dia_5278 | ||
| 003 | CHAP | ||
| 005 | 20251023173052.0 | ||
| 008 | 220117s2004 xx 000 0 und d | ||
| 010 | _a176187 | ||
| 020 | _a970-15-0941-2 | ||
| 040 | _cCHAP | ||
| 082 | _a621.3815 P84 2004 | ||
| 100 |
_aPueyo, Héctor O. _9158081 |
||
| 245 |
_aCircuitos eléctricos : análisis de modelos circuitales / _c Héctor O. Pueyo y Carlos Marco |
||
| 260 |
_aMéxico : _b Alfaomega, _c2004 |
||
| 300 | _a627 p. | ||
| 500 | _aLa biblioteca tiene el Tomo 2 | ||
| 504 | _aBibliografía: p. 625-627 | ||
| 590 | _aTX3001 P84 2004 | ||
| 650 |
_aCircuitos eléctricos _923358 |
||
| 650 |
_aElectric circuits _9158082 |
||
| 700 |
_aMarco, Carlos, coaut. _9158083 |
||
| 901 | _a621.3815 P84 2004 | ||
| 902 | _aM | ||
| 905 | _a5232272004 mx imnq8222223322spa16 | ||
| 942 |
_cLIBRO _2ddc |
||
| 999 |
_c176187 _d176187 |
||